[Event "RUS-Cup03 Geller Memorial"]
[Site "Moscow"]
[Date "1999.02.13"]
[Round "4"]
[White "Reprintsev, Alexander"]
[Black "Grigoriants, Sergey"]
[Result "1-0"]
[WhiteElo "2470"]
[BlackElo "2313"]
[Annotator "Avrukh,B"]
[PlyCount "97"]
[EventDate "1999.02.10"]
[EventType "swiss"]
[EventRounds "9"]
[EventCountry "RUS"]
[SourceTitle "CBM 070"]
[Source "ChessBase"]
[SourceDate "1999.06.08"]
[SourceVersion "1"]
[SourceVersionDate "1999.06.08"]
[SourceQuality "1"]

1. d4 {Hecht. Finkel,A} d5 2. Nc3 Bf5 3. Bg5 c6 4. Qd2 (4. e3 Qb6 $5 (4... Nd7
5. Bd3 (5. Nge2 Ngf6 6. Ng3 Bg6 7. h4 h6 8. Bf4 e6 9. h5 Bh7 10. Bd3 Bxd3 11.
Qxd3 c5 $132 {Vitor,A-Carvalho,A/POR-chJ U20 1995 (41)}) 5... Bxd3 6. cxd3 Ngf6
(6... h6 7. Bh4 Ngf6 8. Nf3 e6 9. O-O Be7 10. a3 O-O 11. b4 Ne8 12. Bg3 Bd6 $11
{Sagalchik,G-Sveshnikov,E/Kemerovo1 1995 (28)}) 7. e4 e6 8. e5 h6 9. Bh4 g5 10.
Bg3 Nh7 $13 {Hoi,C-Lauvsnes,A/Troll Masters 1986/1-0 (41)}) 5. Rb1 e6 6. Bd3
Bxd3 7. cxd3 c5 8. Nf3 Nc6 9. Qa4 $6 Qb4 10. dxc5 Bxc5 11. Qxb4 Bxb4 $15 {
Hoi,C-Bareev,E/Naestved op 1988}) 4... Nd7 5. f3 Ngf6 6. O-O-O (6. e4 $5 dxe4
7. Qf4 Qa5 8. O-O-O e6 9. Bxf6 Nxf6 10. fxe4 Bg4 11. Be2 Bxe2 12. Ngxe2 $14 {
Drill,F-Haus,V/Hessen qual 1990 (42)}) 6... Qa5 $6 {Permitting white to
transfer e4 immideatly.} 7. e4 $1 Bg6 (7... dxe4 8. fxe4 Bg6 (8... Nxe4 $2 9.
Nxe4 Qxa2 10. Nc3 Qa1+ 11. Nb1 $18) 9. Kb1 O-O-O 10. Nf3 h6 11. Bh4 $14) 8. e5
Ng8 9. Nh3 {An arising position is typical for Karo-Kan defense(variation with
3.e5) and doesn't seem to have to many problems.} (9. e6 $6 fxe6 10. Re1 Bf7
11. Bd3 O-O-O 12. Bf4 h6 13. h4 $13) 9... h6 10. Bh4 (10. Be3 $5 e6 11. a3 Ne7
12. Nf4 Bh7 13. g4 Ng6 14. Nh5 $1 $14) 10... e6 11. Kb1 Bb4 12. Be1 $5 c5 $6 ({
Better was} 12... O-O-O 13. Nf4 Ne7 14. a3 Bxc3 15. Qxc3 Qxc3 16. Bxc3 Bh7 17.
Be1 $5 $14 {[%cal Ge1f2] with very solid position for black.}) 13. Qf2 cxd4 14.
Nb5 Bxe1 ({Doesn't solve all opening problems} 14... d3 15. Bxd3 Bxd3 16. Nd6+
Kf8 (16... Ke7 17. Qh4+ {[%cal Gh4b4,Gh4e7]} g5 18. Qxb4 Qxb4 19. Bxb4 $16 {
[%cal Gb4e7]}) 17. Rxd3 Nxe5 18. Rb3 Bxe1 19. Rxe1 $36 {and white's initiative
is very dangerous.}) 15. Rxe1 Qb6 16. Nf4 ({Much more dangerous for black was} 
16. f4 $1 Ne7 17. Nd6+ Kf8 18. g4 $36 {[%cal Gf4f5]}) 16... Bh7 17. Nd6+ Kf8
18. Qg3 Ne7 ({Doesn't work} 18... Nxe5 $2 19. Nxe6+ fxe6 20. Qxe5 Rd8 21. Qf4+
Nf6 22. Rxe6 $16 {and white is nearly winning.}) 19. Bd3 Nc5 (19... g5 $6 20.
Nh5 Bxd3 21. cxd3 Ng6 22. f4 $1 gxf4 23. Nxf4 Ngxe5 24. Nxe6+ $1 fxe6 25. Rxe5
{[%csl Rf8][%cal Gh1f1,Gg3g7]} Ke7 (25... Qxd6 26. Rf5+ Ke7 27. Rf7+ $1 $18)
26. Nf5+ Kd8 27. Qh4+ Kc7 28. Rc1+ Kb8 29. Qf4 $1 $18 {[%cal Gf4b8]}) 20. Bxh7
Rxh7 21. Nd3 Nxd3 (21... Nd7 $5) 22. cxd3 Nc8 23. Rc1 $1 $36 {The exchange of
all light pieces didn't make black's life any easier.} Nxd6 24. exd6 Rd8 25.
Rc7 Qxd6 (25... Rxd6 $2 26. Rxb7 $1 Qxb7 27. Qxd6+ Ke8 28. Rc1 $18) 26. Qxd6+
Rxd6 27. Rxb7 {[%mdl 4096]} g5 $6 {Losing move.It was nessasary to keep the
pawn:} (27... a6 $1 28. Rc1 g5 29. Rcc7 h5 30. b4 e5 31. a4 g4 32. b5 axb5 33.
axb5 Rf6 $132 {with significient counterchanses.}) 28. Rxa7 $16 {Hecht: '[#]
Die "Verbundenen" gewinnen. '} Kg7 29. Rc1 Rh8 $8 (29... Rb6 30. Rcc7 Kf6 31.
a4 e5 32. a5 Rb8 33. Ka2 $18 {[%cal Ga2a3,Gb2b4]}) 30. Rcc7 Rf8 31. b4 Rb6 32.
a3 Kg6 33. Kb2 h5 34. Kb3 f6 35. a4 $18 {Black is helpless against the advance
of white pawns on the queenside.} Rfb8 (35... Kf5 36. a5 Rb5 37. Rab7 Rxb7 38.
Rxb7 Rc8 39. a6 Rc3+ 40. Kb2 $18 {[%cal Ga6a8,Gb4b7]}) 36. b5 Kf5 {[%cal Gf5f4,
Gf4e3,Ge3d3]} 37. g3 $5 {[%csl Rf4] Not permitting black king to penitrate to
e3.} h4 $6 (37... e5 $5) 38. Kb4 hxg3 39. hxg3 e5 40. Rc5 {[%cal Ga4a5,Gb5b6]}
Rd6 41. a5 g4 42. fxg4+ Kxg4 43. b6 e4 44. Rc1 Kf3 (44... e3 45. Re7 $1 $18 {
[%cal Gb4c5]}) 45. Re7 $1 e3 46. Kc5 Rdd8 47. Kxd4 Re8 48. Rxe8 Rxe8 49. b7 1-0

[Event "RUS-Cup03 Geller Memorial"]
[Site "Moscow"]
[Date "1999.02.09"]
[Round "8"]
[White "Reprintsev, Alexander"]
[Black "Evelev, Vladimir M"]
[Result "1-0"]
[WhiteElo "2470"]
[BlackElo "2327"]
[Annotator "Avrukh,B"]
[PlyCount "43"]
[EventDate "1999.02.10"]
[EventType "swiss"]
[EventRounds "9"]
[EventCountry "RUS"]
[SourceTitle "CBM 070"]
[Source "ChessBase"]
[SourceDate "1999.06.08"]
[SourceVersion "1"]
[SourceVersionDate "1999.06.08"]
[SourceQuality "1"]

1. d4 {Finkel,A} Nf6 2. Nc3 d5 3. Bg5 Nbd7 4. Qd2 c5 $5 (4... e6 5. e3 (5. e4
$5 dxe4 6. f3 e3 $5 7. Bxe3 Bb4 8. a3 Bxc3 9. bxc3 O-O 10. Bd3 c5 11. Nh3 $14 {
Loboda,E-Suetin,A/URS-chT 1975 (22)}) 5... Be7 (5... c5 6. f4 a6 7. Nf3 Qc7 8.
Bd3 c4 9. Be2 $13 {1/2-1/2 Vincent,S-Simic,R/Montpellier 1988}) 6. h4 (6. Nf3
c5 7. Ne5 Nxe5 8. dxe5 Nd7 9. Bxe7 Qxe7 10. f4 f6 11. exf6 Nxf6 12. O-O-O Bd7
$132 {Rewitz,P-Hartvig,O/Ringsted op 1995}) 6... c5 7. Be2 a6 8. g4 b5 9. Bxf6
gxf6 10. dxc5 Nxc5 11. a3 Bb7 12. Nf3 Qb6 $15 {Tumakov-Alavkin,A/RUS-sf 1995 
(54)}) 5. dxc5 e6 6. e4 $5 {The only chanse to fight for the advantage.} dxe4
7. O-O-O ({Very serious attention deserved} 7. Bb5 $5 {[%cal Gb5e8,Gd2d7,Ga1d1,
Ge1c1]} Bxc5 $5 (7... a6 8. Bxd7+ Bxd7 9. O-O-O Bxc5 10. Bxf6 e3 (10... gxf6
11. Nxe4 Be7 12. Qh6 $36) 11. Qxd7+ (11. fxe3 gxf6 12. Ne4 Be7 13. Nd6+ Bxd6
14. Qxd6 Qe7 $132 {[%cal Gd7c6,Ge8g8]}) 11... Qxd7 12. Rxd7 exf2 13. Nh3 Kxd7
14. Bh4 $14) 8. Bxf6 Qxf6 (8... gxf6 9. Nxe4 Be7 10. O-O-O $40) 9. O-O-O Qh6
10. Qxh6 gxh6 11. Nxe4 Be7 12. Nd6+ Bxd6 13. Rxd6 $14 {in both cases with
advantage for white.}) 7... Bxc5 8. Bb5 O-O 9. Bxf6 Qxf6 10. Nxe4 (10. Bxd7 $6
Rd8 11. Nxe4 Qe5 12. Nxc5 Qxc5 13. Nf3 Bxd7 $11) 10... Qe5 $1 11. Qe2 {[%cal
Gg1f3]} Nf6 12. Nxc5 Qxc5 13. Nf3 b6 14. Qe5 Nd5 $2 {[%mdl 16384] After this
mistake black finds himself in serious troubles while after correct} (14...
Qxe5 15. Nxe5 Bb7 16. Bc6 Rab8 (16... Bxc6 17. Nxc6 Rfe8 18. Rd4 Kf8 19. Rhd1
$14) 17. Rd4 Rfc8 18. Rhd1 Kf8 19. Bxb7 Rxb7 20. Rd8+ Rxd8 21. Rxd8+ Ne8 $11 {
black manages to equalize.}) 15. Bd3 Qxf2 $6 16. Rhe1 Qc5 (16... Qxg2 $4 17.
Rg1 f6 18. Qh5 $18) 17. Be4 $1 {Black is fully tied up and he is helpless
against threat Ng5.} Bb7 (17... f6 $2 18. Rxd5 $1 exd5 19. Qxd5+ $18 {[%cal
Gd5g8,Gd5a8]}) (17... Rd8 $2 18. Bxd5 exd5 19. Rxd5 $3 {[%csl Rg8]} Rxd5 20.
Qxd5 $1 $18 {[%cal Gd5a8,Gd5d8]} Qxd5 21. Re8#) 18. Ng5 $1 $18 {[%csl Rg8,Rh7]
[%cal Gg5h7,Gg5e6]} Kh8 ({Nothing changes} 18... g6 19. Nxe6 fxe6 20. Qxe6+ Rf7
21. Bxd5 Bxd5 22. Rxd5 $18 {and white is winning.}) 19. Nxh7 Rfb8 20. Bxd5 Kxh7
(20... Bxd5 21. Qh5 Kg8 22. Ng5 Qf2 23. Rf1 Qe3+ 24. Kb1 $18) 21. Qe4+ $1 f5
22. Qh4+ 1-0

[Event "RUS-Cup03 Geller Memorial"]
[Site "Moscow"]
[Date "1999.02.11"]
[Round "2"]
[White "Reprintsev, Alexander"]
[Black "Kachar, Vladimir"]
[Result "1-0"]
[WhiteElo "2470"]
[BlackElo "2390"]
[Annotator "Avrukh,B"]
[PlyCount "51"]
[EventDate "1999.02.10"]
[EventType "swiss"]
[EventRounds "9"]
[EventCountry "RUS"]
[SourceTitle "CBM 070"]
[Source "ChessBase"]
[SourceDate "1999.06.08"]
[SourceVersion "1"]
[SourceVersionDate "1999.06.08"]
[SourceQuality "1"]

1. d4 {Finkel,A} Nf6 2. Nc3 d5 3. Bg5 g6 4. Qd2 Bg7 5. Bh6 O-O {Possible
continuation,nevertheless promising white some attacking chanses.More logical
seems to be} (5... Bxh6 6. Qxh6 c5 (6... Qd6 7. Nf3 Nc6 8. e3 Bf5 9. O-O-O
O-O-O 10. h3 e5 11. Bb5 exd4 12. exd4 Ne4 $11 {Muratov,V-Reprintsev,A/Moscow6
1991}) 7. e3 Nc6 8. O-O-O Qa5 9. dxc5 Qxc5 10. Nge2 Be6 11. Nd4 O-O-O 12. Be2
a6 $11 {in both cases with equal position;Prins,L-Petrosian,T/Leipzig olm 1960
(17)}) 6. O-O-O (6. Bxg7 Kxg7 7. e3 (7. O-O-O c6 8. f3 b5 9. e4 b4 10. e5 bxc3
11. exf6+ exf6 12. Qxc3 Be6 $11 {Begun,S-Smirnov,V/BLR-ch Minsk 1996 (17)}) (7.
Nf3 Nbd7 8. h4 h5 9. Qf4 c6 10. e3 Ng4 11. Ng5 e5 12. dxe5 Ngxe5 13. O-O-O Qf6
$11 {De Castro,E-Ogaard,L/Skopje olm 1972 (30)}) 7... Nbd7 8. f4 b6 9. Nf3 Bb7
10. Be2 a6 $6 11. Ne5 b5 12. a3 $14 {Spal,M-Prandstetter,E/Ceske Budejovice op
1992 (41)}) (6. h4 $5 Nc6 7. h5 Bxh6 8. Qxh6 Nxd4 9. O-O-O Ng4 10. Qd2 Nxf2 11.
Qxd4 Nxh1 12. Qh4 e5 $1 $132 {Mestrovic,Z-Grosar,K/Portoroz 1996}) 6... c6 7.
f3 b5 8. h4 Nh5 $1 ({An attempt to create some thing on the queenside fails:} 
8... b4 9. Nb1 Qa5 10. h5 $1 {[%cal Gh5g6,Gh6g7,Gd2h6]} Bxh6 11. Qxh6 Qxa2 12.
e4 b3 13. c3 dxe4 14. fxe4 Nxh5 15. Be2 $18 {with winning position.}) 9. g4 Ng3
10. Rh3 Nxf1 11. Rxf1 f5 $2 {Self-distruction!After correct} (11... f6 $1 12.
Bxg7 Kxg7 13. h5 g5 14. e3 e5 15. Nge2 Be6 16. Ng3 Nd7 $13 {the position
remains unclear.}) 12. Bxg7 Kxg7 13. h5 $1 $16 {[%mdl 128]} fxg4 ({Nothing
changes} 13... f4 14. hxg6 $1 hxg6 15. e3 Qd6 16. Nge2 $18 {[%cal Gf1h1] and
white has decisive attack.}) 14. Rh1 Qd6 (14... g5 15. Qxg5+ Kh8 16. h6 Rf7 17.
Qe5+ Kg8 (17... Rf6 18. fxg4 $18) 18. Rh5 $1 $18 {[%cal Gh5g5,Ge5h8]}) 15. hxg6
Qxg6 16. Nh3 $1 {[%mdl 64]} gxh3 {It's hard to propose something better.} (
16... b4 17. Na4 g3 18. Rfg1 {[%csl Rg3]} Kh8 19. Ng5 h6 20. Rxh6+ $1 Qxh6 21.
Nf7+ $18) 17. Rfg1 $18 Be6 18. Nd1 Nd7 19. Nf2 Rf6 20. Qc3 (20. Nxh3 $2 Bxh3
21. Rxg6+ Rxg6 {[%csl Rc1]} 22. Qb4 c5 23. dxc5 Bf5 24. e4 $36) 20... Qg2 $5
21. Rxg2+ hxg2 22. Rg1 Rg6 23. Qxc6 {The pawn on g2 is blocked and white queen
does all the job!} Rg8 24. e4 Kf7 25. Qxb5 Rg5 26. f4 1-0

[Event "Radulescu Memorial"]
[Site "Calimanesti"]
[Date "1999.??.??"]
[Round "10"]
[White "Sanduleac, Vasile"]
[Black "Sofronie, Iulian"]
[Result "1/2-1/2"]
[WhiteElo "2443"]
[BlackElo "2436"]
[Annotator "Avrukh,B"]
[PlyCount "82"]
[EventDate "1999.02.??"]
[EventType "tourn"]
[EventRounds "13"]
[EventCountry "ROU"]
[EventCategory "8"]
[SourceTitle "CBM 070"]
[Source "ChessBase"]
[SourceDate "1999.06.08"]
[SourceVersion "1"]
[SourceVersionDate "1999.06.08"]
[SourceQuality "1"]

1. d4 {Finkel,A} Nf6 2. Nc3 d5 3. Bg5 Nbd7 4. e3 c6 (4... g6 $5 5. Nf3 (5. Be2
Bg7 6. Nf3 c6 7. O-O O-O 8. a4 Re8 9. a5 h6 10. Bh4 g5 11. Bg3 Nh5 $13 {
Brusel,P-Sanchez Almeyra,J/Mislata op 1992 (32)}) 5... c6 6. Bd3 Bg7 7. Ne2
Qa5+ 8. c3 O-O 9. Ng3 Re8 10. O-O e5 $11 {Weerakoon,I-Al Khater,H/WchJ U18
1987 (41)}) 5. Bd3 h6 ({Deserved attention} 5... e5 $5 6. Bxf6 $2 (6. f3 h6 7.
Bh4 Bb4 8. Nge2 Qe7 9. Bf5 exd4 10. exd4 O-O 11. O-O Nb6 $11 {Buhvostov,
A-Ivanov,D/Bankia op 1990 (32)}) (6. Bf5 $6 Bd6 (6... exd4 7. Qxd4 Be7 8. Nf3
Nb6 9. Bxc8 Rxc8 10. O-O O-O 11. Rfe1 c5 $11 {Leonowicz,L-Szpakowska,A/POL-chW}
) 7. Nf3 e4 8. Bxd7+ $6 Qxd7 9. Nd2 Qf5 10. Bxf6 $2 Qxf6 11. O-O Qh6 $17 {
Clementsson,J-Fridh,A/Helsingborg-A 1991 (27)}) 6... Qxf6 7. dxe5 Nxe5 8. Qd2
Nxd3+ 9. cxd3 Qg6 10. f3 Bb4 $15 {Balko,D-Doucha,L/SVK-chT2 1995 (37)}) 6. Bf4
g6 (6... g5 7. Bg3 Qb6 8. Rb1 Bg7 9. Nf3 Nh5 10. Be5 Nxe5 11. Nxe5 Nf6 $132) 7.
Nf3 Bg7 8. Ne5 O-O ({Doesn't work} 8... Nh5 $2 9. Nxg6 $1 $16 {and white is a
pawn up.}) 9. h3 $5 {Now 9...Nh5 was threatened.} Ne8 (9... Nxe5 10. Bxe5 Nd7
11. Bxg7 Kxg7 12. f4 Nf6 13. O-O b6 $11) 10. Qd2 Nxe5 11. Bxe5 Nd6 (11... Bxe5
$6 12. dxe5 Qc7 13. f4 (13. e4 $2 dxe4 14. Bxe4 Qxe5 15. Qxh6 f5 16. Qxg6+ Ng7
17. f4 Qxf4 18. Bd3 Rf6 $19) 13... Kg7 14. e4 dxe4 15. Nxe4 $14) 12. O-O Be6 ({
Not so bad was also immideate} 12... Bf5 $5 13. Bxd6 Qxd6 14. Bxf5 gxf5 15. Ne2
e6 16. Rac1 b5 $132 {with mutual chanses.}) 13. Rad1 Qd7 $5 14. Qe2 (14. Bxg7
Kxg7 15. e4 dxe4 16. Nxe4 Nxe4 17. Bxe4 Rfd8 18. a3 Bf5 $11) 14... Bf5 15. Bxf5
Qxf5 16. Bxd6 $6 {After this move black has symbolical advantage.} (16. Bxg7
$11) 16... exd6 17. Qd3 Qxd3 18. Rxd3 f5 $15 19. Ne2 Rfe8 (19... Rae8 $5 {
[%cal Gg6g5,Gf5f4]}) 20. b3 {[%cal Gc2c4]} b5 $1 {Otherwise white would
transfer c4 with advantage} 21. Rc1 Reb8 (21... a5 $5 22. c4 $5 dxc4 23. bxc4
b4 24. c5 $1 d5 (24... Red8 $6 25. cxd6 Rxd6 26. a3 bxa3 27. Rxa3 Bf6 28. Ra4
$14 {[%csl Ra5,Rc6][%cal Gg2g4,Ge2f4,Gf4d3]}) 25. a3 Reb8 (25... bxa3 $5 26.
Rxa3 Reb8 27. Rca1 Rb2 $1 $132 {[%csl Re2][%cal Gf5f4,Gg7f6,Gf6d8,Gg6g5]}) 26.
axb4 Rxb4 27. Ra3 Bf6 $1 {[%csl Ra5][%cal Gf6d8]} 28. Rca1 Rb2 29. Nf4 g5 30.
Nd3 Rb5 31. g3 Kf7 32. Kg2 Ke6 $132) 22. Nc3 {White has very solid poition and
he is not interested in complications arising after} (22. c4 $5) 22... Bf6 23.
a4 a6 (23... b4 $6 24. Ne2 a5 25. c4 $1 $14 {[%csl Rc6]}) 24. Kf1 Kf7 25. Ke2
g5 26. Rdd1 Ke6 (26... h5 $5) 27. Kd3 Rc8 28. g4 h5 ({The only chanse to open
up the game was} 28... b4 $1 29. Ne2 c5 30. dxc5 (30. Ng3 $6 fxg4 31. hxg4 cxd4
32. exd4 Rc3+ 33. Ke2 Rac8 $17) (30. f4 $5 c4+ 31. Kd2 $13) 30... dxc5 31. c4
bxc3 32. Nxc3 c4+ 33. bxc4 dxc4+ 34. Kc2 $132) 29. gxf5+ Kxf5 30. f3 b4 31. Ne2
Ke6 32. Ng3 $5 h4 $6 33. Ne2 c5 34. Rg1 Rg8 35. Rg4 (35. c3 $6 bxc3 36. Rxc3
Rab8 $15) 35... Rae8 36. Rcg1 Rg7 37. f4 (37. Nf4+ $2 gxf4 38. Rxg7 Bxg7 39.
Rxg7 Kf6 $17 {[%cal Gf6g7,Ge8e3]}) 37... Rge7 $8 38. fxg5 Kf7 39. gxf6 {
Showing his peacefull intentions!White could continue} (39. R1g2 $5 Rxe3+ 40.
Kd2 Bg7 $1 (40... Bxd4 41. Nxd4 cxd4 42. Rxh4 R3e4 43. Rh6 $16) 41. Rxh4 c4 42.
g6+ Kg8 43. Rh5 cxb3 44. cxb3 Rxb3 45. Rxd5 Rb2+ $44 {,but despite the lack of
pawn black seems to have extremly good counterchanses.}) 39... Rxe3+ 40. Kd2
Rxe2+ 41. Kd1 Rh2 1/2-1/2

[Event "EU-Cup 13th Group2"]
[Site "Eupen"]
[Date "1997.09.24"]
[Round "3"]
[White "Ben Menachem, Itzhak"]
[Black "Boric, Muhamed"]
[Result "1/2-1/2"]
[WhiteElo "2315"]
[BlackElo "2405"]
[Annotator "Avrukh,B"]
[PlyCount "34"]
[EventDate "1997.09.22"]
[EventType "team-k.o."]
[EventRounds "3"]
[EventCountry "BEL"]
[SourceTitle "EXT 2020"]
[Source "ChessBase"]
[SourceDate "2019.10.17"]
[SourceVersion "1"]
[SourceVersionDate "2019.10.17"]
[SourceQuality "1"]
[WhiteTeam "Herzliya Chess Club"]
[BlackTeam "Sarajevo Bosna"]
[WhiteTeamCountry "ISR"]
[BlackTeamCountry "BIH"]

1. d4 {Tyomkin,D} Nf6 2. Nc3 d5 3. Bg5 Nbd7 4. Nf3 c6 5. Qd3 h6 6. Bd2 (6. Bh4
$5 Qa5 7. Nd2 $5 (7. e3 Ne4 8. Be2 $2 (8. Nd2 $142) 8... g5 9. Bg3 Ndf6 10. a3
$2 (10. Nd2) 10... Bf5 11. b4 Qd8 {0-1 Kampmann,H-Bogdanovich,G/Leipzig VfB op
1996/EXT 96op2}) 7... e5 $6 8. Bxf6 $1 Nxf6 (8... gxf6 9. Nb3 Qc7 10. e4 $1) 9.
dxe5 Ng4 10. h3 (10. f4 $2 Bc5 $17) 10... Nxe5 11. Qe3 d4 (11... f6 $2 12. f4
$16) 12. Qxd4 Be6 13. Nb3 Bxb3 14. cxb3 $16 {Karayannis,A-Pavlovic,M/Open,
Agios Nikolaos GRE 1997/0-1(28)}) 6... b5 $146 (6... Qb6 $5 7. O-O-O e6 8. e4
$13 {Schumacher,H-Staller,P/Bad Ragaz op 1991/TD 91\08/0-1(34)}) 7. a3 Bb7 8.
e4 dxe4 9. Nxe4 e6 $10 10. Ne5 (10. Nxf6+ $5 Qxf6 (10... Nxf6 11. c4 bxc4 (
11... a6 12. Be2 $14) 12. Qxc4 Qb6 13. b4 $14 {<->c}) 11. c4 c5 $1 (11... bxc4
12. Qe4 $5 (12. Qxc4 c5) 12... Rb8 13. Bxc4 c5 14. d5 $132) 12. cxb5 Bxf3 13.
Qxf3 Qxf3 14. gxf3 cxd4 15. Bd3 {It is very defficult to evaluate this ending,
but looks like black is better}) 10... Nxe5 11. dxe5 Qxd3 $6 (11... Nxe4 $142
12. Qxe4 Qb6 $10) 12. Bxd3 Nxe4 13. Bxe4 $14 {This ending is better for white:
more space and vulnerable queenside pawns give white some advantage.} O-O-O 14.
Be3 c5 15. Bxb7+ Kxb7 16. Ke2 Be7 17. c4 $1 a6 $6 $14 {/+/- I suppose black
saticfied that draw was agreed in this position.} (17... a6 $6 18. Rhc1 (18.
Rac1 $5 Kc6 (18... Rc8 19. Rhd1) 19. b4) 18... Rc8 $8 (18... Kc6 19. b4 bxc4 (
19... cxb4 20. axb4 $16) 20. Bxc5 Bg5 21. Rxc4 $16) 19. a4 $14 {/+/-} b4 (19...
bxc4 20. Rxc4) 20. Rd1 {After change all rooks there will be a big question if
black can save the bishop ending.Also white has a choice if to change a couple
of rooks or to change at all.}) (17... bxc4 $142 18. Rhc1 Rd5 19. f4 g5 $1 (
19... f6 20. exf6 Bxf6 21. Rxc4 $16)) 1/2-1/2

[Event "RUS-chT 06th"]
[Site "St Petersburg"]
[Date "1999.05.19"]
[Round "4"]
[White "Meshkov, Yuri A"]
[Black "Sergienko, Sergey"]
[Result "0-1"]
[WhiteElo "2397"]
[BlackElo "2387"]
[Annotator "Avrukh,B"]
[PlyCount "69"]
[EventDate "1999.05.16"]
[EventType "team-tourn"]
[EventRounds "9"]
[EventCountry "RUS"]
[SourceTitle "EXT 2020"]
[Source "ChessBase"]
[SourceDate "2019.10.17"]
[SourceVersion "1"]
[SourceVersionDate "2019.10.17"]
[SourceQuality "1"]
[WhiteTeam "Smolensk TsEM"]
[BlackTeam "Voronezh OShK"]
[WhiteTeamCountry "RUS"]
[BlackTeamCountry "RUS"]

1. d4 {Finkel,A} Nf6 2. Nc3 d5 3. Bg5 Nbd7 4. Nf3 g6 5. e3 Bg7 6. Bd3 O-O 7.
O-O c5 8. Re1 b6 9. Ne5 (9. e4 $5 dxe4 10. Nxe4 cxd4 (10... Bb7 11. Nxf6+ exf6
12. Bh4 Bxf3 13. Qxf3 cxd4 14. Rad1 Rc8 15. Ba6 (15. b4 $5 Qc7 16. Qe2 Ne5 17.
Ba6 Rcd8 18. f4 Nc6 19. Qc4 Qd6 20. c3 Qd5 $13 {Kuijf,N-Blitterswijk,S/
NLD-chT9495 1994}) 15... Rxc2 $5 16. Rxd4 Ne5 17. Qd1 Qc7 18. f4 Ng4 $1 $11 {
Miles,A-Speelman,J/Phillips&Drew 1982}) 11. Nxd4 Bb7 12. c3 Qc7 (12... Rc8 13.
Qe2 Ne5 14. Bc2 Nc4 15. Rad1 Qc7 16. Nb5 $36 {Miles,A-Andersson,U/
Phillips&Drew 1982}) (12... Ne5 13. Nxf6+ exf6 14. Bf4 Nxd3 15. Qxd3 Qd5 16.
Qf3 Qd7 17. Qg3 $14 {Hoi,C-King,D/Jurmala 1985}) (12... h6 13. Nxf6+ Nxf6 14.
Bh4 Qd5 15. Bf1 g5 16. Bg3 Ne4 17. Nb5 Qc6 18. Nd4 Qd5 19. Nb5 Qc5 $11 {
Berg,K-Gschnitzer,O/BL8889}) 13. Qe2 Rfe8 14. Rad1 a6 15. Nxf6+ Nxf6 16. Nf3 e6
17. Qe5 Qxe5 18. Nxe5 b5 $11 {Miles,A-Olafsson,H/Luzern olm 1982}) 9... Bb7 10.
f4 (10. Bb5 Rc8 11. Qf3 (11. Nxd7 Nxd7 12. e4 $6 h6 13. Bh4 g5 14. Bg3 dxe4 15.
dxc5 Nxc5 $17 {Mohd,K-Ahmad,N/Asia-chT 1993}) 11... a6 $5 12. Bf1 Ne4 {1/2-1/2
Augustin,J-Hazai,L/Toth mem 1977}) 10... Ne8 $5 (10... Rc8 $5 11. Qf3 Ne8 12.
Rad1 a6 13. a3 f6 14. Nxd7 Qxd7 15. Bh4 Nd6 16. g4 b5 17. Kh1 $5 $13 {Tihonov,
J-Neverov,V/Minsk op 1996}) 11. Bh4 Nxe5 12. fxe5 (12. dxe5 f6 $5 13. exf6 (13.
e4 fxe5 $6 (13... d4 $5 14. Bc4+ Kh8 15. Nd5 Nc7 (15... e6 $2 16. Nxf6 Nxf6 17.
Bxe6 Qc7 18. exf6 Bxf6 19. Bg3 $16) 16. exf6 exf6 17. Nxc7 Qxc7 18. Qd2 Rae8
$132) 14. Nxd5 Bxd5 15. exd5 Rxf4 16. Bg3 Rf8 17. Bxe5 $14) 13... Nxf6 (13...
exf6 $5) 14. Qd2 Qd6 15. Rad1 a6 $13) 12... Nc7 13. Be2 {[%cal Ge2g4]} Qd7 14.
Bg4 Ne6 15. Ne2 $6 (15. e4 $1 cxd4 16. Nxd5 Rfe8 (16... Bxd5 17. exd5 Qxd5 18.
Bf3 Qc5 19. Bxa8 $14) (16... Bxe5 17. Bxe7 $36) 17. Qxd4 $5 Nxd4 18. Bxd7 Red8
19. Nxe7+ Kf8 20. e6 $5 $36) 15... f5 16. exf6 exf6 17. Nf4 f5 $15 {[%csl Re3]
[%mdl 16]} 18. Nxe6 Qxe6 19. Bf3 c4 (19... Rf7 $5) 20. a4 Rae8 21. Qd2 Bh6 $1 (
21... h6 22. b3 cxb3 23. cxb3 Rc8 24. Rac1 Rfe8 25. Rxc8 Rxc8 26. Rc1 $11) 22.
Bf2 Re7 23. a5 b5 24. a6 $6 {[%csl Ra6][%mdl 16]} Bc6 25. b3 g5 (25... Rd8 $5
26. bxc4 dxc4 27. Bh4 g5 28. Bxc6 gxh4 (28... Qxc6 29. Bg3 Bg7 $15) 29. Bxb5
Bxe3+ 30. Rxe3 Qxe3+ 31. Qxe3 Rxe3 32. Bxc4+ Kg7 $17) 26. bxc4 bxc4 27. g3 {
[%cal Gf3g2]} Rb8 28. Ra5 $6 (28. Rab1 $1 Ree8 (28... Rxb1 29. Rxb1 g4 30. Bg2
Bxe3 31. Bxe3 Qxe3+ 32. Qxe3 Rxe3 33. Rb8+ Kg7 34. Rc8 $14 {[%csl Ra7,Rd5]})
29. Bg2 g4 $15) 28... Rd7 29. c3 Rb6 30. Qa2 Rd8 31. Bd1 Rdb8 $17 32. Qe2 (32.
Re2 Rb1 33. Qd2 Be8 $1 $17 {[%cal Ge8h5]}) 32... g4 33. Bc2 Rb2 34. Qd1 Bb5 35.
Qc1 $17 0-1